| 000 | 00583nam a22001937a 4500 | ||
|---|---|---|---|
| 999 |
_c3643 _d3643 |
||
| 003 | AR-CdUCM | ||
| 008 | 190307b ||||| |||| 00| 0 spa d | ||
| 040 |
_aMUNICIPALIDAD PROVINCIAL DEL CUSCO _cBIBLIOTECA MUNICIPAL DEL CUSCO |
||
| 082 |
_a869.44 / _bQ71 |
||
| 100 |
_aDe Quiroga, Giancarla _911876 |
||
| 245 | _aDe Angustias e Ilusiones | ||
| 260 |
_aCochabamba-Bolivia : _bEditorial Serrano. _c1990. |
||
| 300 |
_a59 cm ; _c18 cm. |
||
| 650 |
_aNovela _95 |
||
| 650 |
_aEscritores Bolivianos _910228 |
||
| 650 |
_aNovela Boliviana _911877 |
||
| 942 |
_2ddc _cLIBROS |
||
| 945 | _admma | ||